| 000 | 00738nam a22002297a 4500 | ||
|---|---|---|---|
| 003 | UA-OsUOA | ||
| 001 | 102550 | ||
| 007 | ta | ||
| 008 | 20130919b un ||||| |||| 00| 0 ukr d | ||
| 090 |
_a821.161.1-6 _bВ65 |
||
| 942 | _cBK | ||
| 040 |
_aUA-OsUOA _brus _cUA-OsUOA _dUA-OsUOA |
||
| 245 |
_aВойна. Разлука. Любовь _bпереписка Н. Е. Крутиковой и П. Е. Рудого. 1941 - 1944 гг.) _cсост. Т. П. Рудая |
||
| 300 | _a456 с. | ||
| 955 | _a3 | ||
| 041 | _arus | ||
| 080 | _a821.161.1-6 | ||
| 020 | _a978-966-489-134-6 | ||
| 260 |
_aК. _bИД Дмитрия Бураго _c2012 |
||
| 650 | 7 |
_a82 Література. Літературознавство _2UDC |
|
| 999 |
_c388728 _d388728 |
||